[Event "LSS BI-2009-F-00007"]
[Site "LSS email"]
[Date "2010.02.15"]
[Round "?"]
[White "Osipov, Anatoly Vladimirovi"]
[Black "Stibal, George"]
[Result "1-0"]
[WhiteElo "1810"]
[BlackElo "1843"]
[PlyCount "39"]
[EventDate "2010.02.17"]
[EventType "tourn (corr)"]
[EventRounds "10"]
[EventCountry "GER"]
[SourceTitle "Telechess CBM 141"]
[Source "ChessBase"]
[SourceDate "2011.03.17"]
[SourceVersion "1"]
[SourceVersionDate "2011.03.17"]
[SourceQuality "1"]

1. e4 c5 2. Nf3 d6 3. Bc4 Nf6 4. Nc3 e6 5. 0-0 Be7 6. d4 cxd4 7. Qxd4 Nc6 8. Qe3 a6 9. a4 Qc7 10. Rd1 0-0 11. Qe2 Bd7 12. h3 Rac8 13. Be3 Rfd8 14. Bb3 h6 15. Qc4 Qa5 16. Qf1 Ne5 17. Nxe5 dxe5 18. f3 Bc6 19. Kh2 Bc5 20. Rxd8+ 1-0

[Event "LSS BI-2009-F-00007"]
[Site "LSS email"]
[Date "2010.02.15"]
[Round "?"]
[White "Santo, Moises"]
[Black "Stibal, George"]
[Result "1-0"]
[WhiteElo "1986"]
[BlackElo "1843"]
[PlyCount "53"]
[EventDate "2010.02.17"]
[EventType "tourn (corr)"]
[EventRounds "10"]
[EventCountry "GER"]
[SourceTitle "Telechess CBM 141"]
[Source "ChessBase"]
[SourceDate "2011.03.17"]
[SourceVersion "1"]
[SourceVersionDate "2011.03.17"]
[SourceQuality "1"]

1. d4 Nf6 2. c4 e6 3. Nc3 c5 4. d5 exd5 5. cxd5 d6 6. e4 g6 7. Bd3 Bg7 8. Nge2 0-0 9. 0-0 Re8 10. f3 Na6 11. Be3 Nc7 12. Qd2 Nd7 13. Ng3 Ne5 14. Be2 Bd7 15. a4 a6 16. Bh6 Bh8 17. f4 Ng4 18. Bxg4 Bxg4 19. f5 Be5 20. Bf4 Bd4+ 21. Kh1 Rc8 22. h3 Bh5 23. a5 Qe7 24. Ra3 Nb5 25. Nxb5 axb5 26. a6 b4 27. f6 1-0

[Event "FICGS class B 000098 email"]
[Site "FICGS email"]
[Date "2010.01.26"]
[Round "1"]
[White "Faust, Dieter"]
[Black "Stibal, George"]
[Result "1-0"]
[WhiteElo "1980"]
[BlackElo "1812"]
[PlyCount "49"]
[EventDate "2010.??.??"]
[EventType "tourn (corr)"]
[EventRounds "6"]
[SourceTitle "Corr 2013"]
[Source "ChessBase"]
[SourceDate "2012.11.12"]
[SourceVersion "1"]
[SourceVersionDate "2012.11.12"]
[SourceQuality "1"]

1. d4 d5 2. c4 e6 3. Nf3 Nf6 4. g3 Be7 5. Bg2 0-0 6. 0-0 dxc4 7. Qc2 a6 8. Qxc4 b5 9. Qc2 Bb7 10. Bd2 Nc6 11. e3 Ra7 12. Rc1 Qa8 13. Ne1 Nb4 14. Bxb4 Bxb4 15. Bxb7 Qxb7 16. Nd3 Bd6 17. a4 Rfa8 18. Nd2 Qd5 19. Nc5 g6 20. f3 Bxc5 21. Qxc5 Qxc5 22. Rxc5 bxa4 23. Rxa4 Rb7 24. b3 Nd5 25. Kf2 1-0

[Event "FICGS class B 000098 email"]
[Site "FICGS email"]
[Date "2010.01.26"]
[Round "1"]
[White "Stibal, George"]
[Black "Panov, Dmitry"]
[Result "0-1"]
[WhiteElo "1812"]
[BlackElo "1965"]
[PlyCount "46"]
[EventDate "2010.??.??"]
[EventType "tourn (corr)"]
[EventRounds "6"]
[SourceTitle "Corr 2013"]
[Source "ChessBase"]
[SourceDate "2012.11.12"]
[SourceVersion "1"]
[SourceVersionDate "2012.11.12"]
[SourceQuality "1"]

1. e4 e5 2. Nf3 Nf6 3. d4 Nxe4 4. Bd3 d5 5. Nxe5 Nd7 6. Nxd7 Bxd7 7. 0-0 Bd6 8. Nc3 Nxc3 9. bxc3 0-0 10. Qh5 f5 11. Re1 g6 12. Qf3 c6 13. Bf4 Qc7 14. Bxd6 Qxd6 15. c4 Rae8 16. c5 Qc7 17. c4 Qa5 18. Rxe8 Rxe8 19. Bf1 dxc4 20. Bxc4+ Kg7 21. g3 Re1+ 22. Rxe1 Qxe1+ 23. Kg2 Be6 0-1

[Event "FICGS class C 000094 email"]
[Site "FICGS email"]
[Date "2009.12.20"]
[Round "1"]
[White "Kepinski, Janusz"]
[Black "Stibal, George"]
[Result "1-0"]
[WhiteElo "1850"]
[BlackElo "1812"]
[PlyCount "61"]
[EventDate "2009.??.??"]
[EventType "tourn (corr)"]
[EventRounds "1"]
[SourceTitle "Corr 2022"]
[Source "ChessBase"]
[SourceDate "2021.10.24"]
[SourceVersion "1"]
[SourceVersionDate "2021.10.24"]
[SourceQuality "1"]

1. d4 Nf6 2. c4 e6 3. Nf3 c5 4. d5 exd5 5. cxd5 d6 6. Bg5 g6 7. e4 Bg7 8. Be2 h6 9. Bxf6 Qxf6 10. Nc3 a6 11. a4 0-0 12. 0-0 Nd7 13. Qc2 Ne5 14. Ne1 Qf4 15. g3 Qf6 16. Kg2 Re8 17. Nd3 Nxd3 18. Bxd3 Qd4 19. Rac1 c4 20. Be2 Bd7 21. Rfd1 Qc5 22. a5 Rac8 23. Ra1 Qb4 24. f3 h5 25. Qd2 Rc5 26. Ra2 Rxa5 27. Rxa5 Qxa5 28. Bxc4 Rc8 29. Be2 Qb4 30. Rc1 Bf6 31. Rc2 1-0

[Event "LSS BI-2009-P-00017"]
[Site "LSS email"]
[Date "2009.04.19"]
[Round "?"]
[White "Stibal, George"]
[Black "Ruslin, Alexey"]
[Result "1-0"]
[WhiteElo "1901"]
[BlackElo "994"]
[PlyCount "67"]
[EventDate "2009.04.20"]
[EventType "tourn (corr)"]
[EventRounds "10"]
[EventCountry "GER"]
[SourceTitle "Corr 2011"]
[Source "ChessBase"]
[SourceDate "2010.08.31"]
[SourceVersion "1"]
[SourceVersionDate "2010.08.31"]
[SourceQuality "1"]

1. e4 c6 2. d4 d5 3. Nc3 dxe4 4. Nxe4 Bf5 5. Ng3 Bg6 6. h4 h6 7. Nf3 Nd7 8. h5 Bh7 9. Bd3 Bxd3 10. Qxd3 Ngf6 11. Bd2 e6 12. 0-0-0 Bd6 13. Ne4 Nxe4 14. Qxe4 Nf6 15. Qe2 Qc7 16. Ne5 0-0-0 17. f4 Bxe5 18. fxe5 Nd5 19. Rhf1 Qe7 20. Kb1 Nc7 21. Rf4 Nd5 22. Rf2 Rd7 23. Rdf1 Rf8 24. a3 Qh4 25. c4 Nc7 26. Rf4 Qd8 27. Bb4 Re8 28. Rxf7 Rxd4 29. Bd6 Rxd6 30. exd6 Qxd6 31. Rd1 Qc5 32. Rdd7 Na6 33. Rxb7 Qg1+ 34. Ka2 1-0

[Event "LSS BI-2009-P-00017"]
[Site "LSS email"]
[Date "2009.04.19"]
[Round "?"]
[White "Stibal, George"]
[Black "Vio, Mauro"]
[Result "1-0"]
[WhiteElo "1883"]
[BlackElo "1543"]
[PlyCount "59"]
[EventDate "2009.04.20"]
[EventType "tourn (corr)"]
[EventRounds "10"]
[EventCountry "GER"]
[SourceTitle "Corr 2011"]
[Source "ChessBase"]
[SourceDate "2010.08.31"]
[SourceVersion "1"]
[SourceVersionDate "2010.08.31"]
[SourceQuality "1"]

1. e4 e5 2. Nf3 Nc6 3. d4 exd4 4. Nxd4 Nf6 5. Nxc6 bxc6 6. e5 Qe7 7. Qe2 Nd5 8. c4 Ba6 9. Qe4 Nf6 10. Qe2 Nd5 11. b3 Qh4 12. a3 Bc5 13. Bb2 Ne3 14. Nc3 Nxf1 15. Ne4 Bb6 16. Rxf1 0-0 17. 0-0-0 Rad8 18. f4 d5 19. exd6 cxd6 20. Nxd6 Bc8 21. Nxc8 Rxd1+ 22. Kxd1 Rxc8 23. Kc2 a5 24. Bc3 a4 25. b4 Rf8 26. g3 Qh3 27. Rd1 Qf5+ 28. Kb2 Qc8 29. c5 Re8 30. Qxe8+ 1-0

[Event "LSS WC-2008-F-00007"]
[Site "LSS email"]
[Date "2008.11.12"]
[Round "?"]
[White "Bonoldi, Fabio"]
[Black "Stibal, George"]
[Result "1/2-1/2"]
[WhiteElo "1906"]
[BlackElo "1883"]
[PlyCount "77"]
[EventDate "2008.11.12"]
[EventType "tourn (corr)"]
[EventRounds "14"]
[EventCountry "GER"]
[SourceTitle "Corr 2011"]
[Source "ChessBase"]
[SourceDate "2010.08.31"]
[SourceVersion "1"]
[SourceVersionDate "2010.08.31"]
[SourceQuality "1"]

1. c4 Nf6 2. Nc3 e6 3. g3 d5 4. cxd5 exd5 5. Bg2 d4 6. Ne4 Nxe4 7. Bxe4 Be7 8. Qc2 Na6 9. d3 0-0 10. Bg2 Nb4 11. Qd1 Be6 12. a3 Nd5 13. Nf3 c5 14. 0-0 h6 15. Bd2 Bf6 16. Rc1 Rc8 17. Qc2 Qd7 18. Rfe1 b5 19. e4 dxe3 20. fxe3 Rfd8 21. Ba5 Nb6 22. Rcd1 b4 23. axb4 cxb4 24. Qf2 b3 25. Bxb6 axb6 26. d4 Rc2 27. Re2 Rdc8 28. Ne1 Rc1 29. Red2 Bg5 30. Bf3 Bh3 31. Qe2 Qe7 32. Kf2 Re8 33. Ng2 Rxd1 34. Rxd1 Rc8 35. Ne1 Qf6 36. Rd3 Rc1 37. Rd1 Rc7 38. Rd3 Rc1 39. Rd1 1/2-1/2

[Event "LSS WC-2008-F-00007"]
[Site "LSS email"]
[Date "2008.11.12"]
[Round "?"]
[White "Stibal, George"]
[Black "Peled, Shai"]
[Result "0-1"]
[WhiteElo "1897"]
[BlackElo "1827"]
[PlyCount "68"]
[EventDate "2008.11.12"]
[EventType "tourn (corr)"]
[EventRounds "14"]
[EventCountry "GER"]
[SourceTitle "Corr 2011"]
[Source "ChessBase"]
[SourceDate "2010.08.31"]
[SourceVersion "1"]
[SourceVersionDate "2010.08.31"]
[SourceQuality "1"]

1. e4 e5 2. Nf3 Nc6 3. d4 exd4 4. Nxd4 Nf6 5. Nc3 Bb4 6. Nxc6 bxc6 7. Bd3 d6 8. 0-0 0-0 9. Bg5 h6 10. Bh4 g5 11. Bg3 Re8 12. e5 dxe5 13. Bxe5 Rb8 14. Re1 Bg4 15. Qd2 Bf5 16. Bxc7 Qxc7 17. Bxf5 Qa5 18. Qd3 Bxc3 19. bxc3 Rxe1+ 20. Rxe1 Qxa2 21. g3 Rb1 22. Rxb1 Qxb1+ 23. Kg2 Qb6 24. Qd6 Kg7 25. c4 a5 26. c5 Qb4 27. h4 gxh4 28. Qxc6 a4 29. c3 Qc4 30. gxh4 a3 31. Qd6 a2 32. Qg3+ Kh8 33. Qb8+ Ng8 34. Qb2 Qxc5 0-1

[Event "LSS WC-2008-F-00007"]
[Site "LSS email"]
[Date "2008.11.12"]
[Round "?"]
[White "Stibal, George"]
[Black "Van Esbroeck, Jeff"]
[Result "1-0"]
[WhiteElo "1880"]
[BlackElo "1804"]
[PlyCount "89"]
[EventDate "2008.11.12"]
[EventType "tourn (corr)"]
[EventRounds "14"]
[EventCountry "GER"]
[SourceTitle "Corr 2011"]
[Source "ChessBase"]
[SourceDate "2010.08.31"]
[SourceVersion "1"]
[SourceVersionDate "2010.08.31"]
[SourceQuality "1"]

1. e4 e5 2. Nf3 Nc6 3. d4 exd4 4. Nxd4 Bc5 5. Nxc6 bxc6 6. Bd3 Qh4 7. Qf3 Nf6 8. Bf4 d5 9. Nd2 Nh5 10. Bg3 Nxg3 11. Qxg3 Qxg3 12. hxg3 Ke7 13. Nb3 Bb6 14. c4 Ba6 15. Rc1 h5 16. Be2 dxc4 17. Bxc4 Bb5 18. Nd2 Rad8 19. Nf3 g6 20. Ke2 Rhe8 21. b3 Kf8 22. e5 f6 23. a4 Bxc4+ 24. Rxc4 fxe5 25. Ng5 c5 26. g4 hxg4 27. Rxg4 Rd4 28. Ne4 Rb4 29. Rh8+ Ke7 30. Rh7+ Kd8 31. Nf6 Rf8 32. Rxb4 cxb4 33. Ne4 Re8 34. Kd3 a5 35. Kc4 Re7 36. Rxe7 Kxe7 37. Kd5 g5 38. g4 Kd7 39. Nxg5 Bxf2 40. Nf3 c6+ 41. Ke4 Ke6 42. Nxe5 Bg3 43. Nxc6 Bc7 44. Nd4+ Kf6 45. Kd5 1-0

[Event "LSS WC-2008-F-00007"]
[Site "LSS email"]
[Date "2008.11.12"]
[Round "?"]
[White "Traczewski, Wojciech"]
[Black "Stibal, George"]
[Result "0-1"]
[WhiteElo "1382"]
[BlackElo "1854"]
[PlyCount "94"]
[EventDate "2008.11.12"]
[EventType "tourn (corr)"]
[EventRounds "14"]
[EventCountry "GER"]
[SourceTitle "Corr 2013"]
[Source "ChessBase"]
[SourceDate "2012.11.12"]
[SourceVersion "1"]
[SourceVersionDate "2012.11.12"]
[SourceQuality "1"]
[WhiteTeam "US of America"]
[BlackTeam "US of America"]
[WhiteTeamCountry "USA"]
[BlackTeamCountry "USA"]

1. e4 c5 2. Nf3 d6 3. d4 cxd4 4. Nxd4 Nf6 5. Nc3 a6 6. Be2 Nbd7 7. 0-0 Nc5 8. f3 e6 9. Be3 Be7 10. Qd2 0-0 11. Rad1 Bd7 12. Nb3 Bc6 13. Qe1 Nxb3 14. axb3 Qc7 15. Qg3 b5 16. Rd2 Rfc8 17. Ra1 d5 18. Qxc7 Rxc7 19. exd5 Bxd5 20. Bb6 Rcc8 21. Rad1 Bc6 22. Bd3 b4 23. Ne4 Nxe4 24. Bxe4 Bxe4 25. fxe4 Bg5 26. Re2 Rc6 27. Ba5 Rb8 28. Ra1 Rbc8 29. c4 bxc3 30. bxc3 Be7 31. Kf2 Rb8 32. Rb1 Bf6 33. Ra2 Rcc8 34. Bb4 Bxc3 35. Bxc3 Rxc3 36. Rxa6 Rc2+ 37. Kf3 Rbc8 38. b4 R8c3+ 39. Kf4 f6 40. e5 f5 41. Rf1 Rxg2 42. Rxe6 g6 43. h3 Rxh3 44. Rf3 Rh4+ 45. Ke3 Rxb4 46. Rf1 Re4+ 47. Kd3 Rge2 0-1

[Event "LSS CP-2008-P-00057"]
[Site "LSS email"]
[Date "2008.10.03"]
[Round "?"]
[White "Stibal, George"]
[Black "Aberg, Lars Erik"]
[Result "0-1"]
[WhiteElo "1868"]
[BlackElo "1984"]
[PlyCount "32"]
[EventDate "2008.10.01"]
[EventType "tourn (corr)"]
[EventRounds "6"]
[EventCountry "GER"]
[SourceTitle "Corr 2013"]
[Source "ChessBase"]
[SourceDate "2012.11.12"]
[SourceVersion "1"]
[SourceVersionDate "2012.11.12"]
[SourceQuality "1"]
[WhiteTeam "US of America"]
[BlackTeam "US of America"]
[WhiteTeamCountry "USA"]
[BlackTeamCountry "USA"]

1. e4 c6 2. d4 d5 3. Nf3 dxe4 4. Nfd2 Nf6 5. Bc4 Qxd4 6. 0-0 Bf5 7. Be2 Nbd7 8. Nc4 Qxd1 9. Rxd1 e6 10. Nc3 Nd5 11. Bd2 Be7 12. a3 Bg6 13. Na5 0-0-0 14. Nxd5 cxd5 15. Be3 Kb8 16. Nb3 Bf6 0-1

[Event "LSS CP-2008-P-00025"]
[Site "LSS email"]
[Date "2008.10.01"]
[Round "?"]
[White "Stibal, George"]
[Black "Zielinski, Sergej"]
[Result "1/2-1/2"]
[WhiteElo "1868"]
[BlackElo "2228"]
[PlyCount "57"]
[EventDate "2008.10.01"]
[EventType "tourn (corr)"]
[EventRounds "6"]
[EventCountry "GER"]
[SourceTitle "Corr 2011"]
[Source "ChessBase"]
[SourceDate "2010.08.31"]
[SourceVersion "1"]
[SourceVersionDate "2010.08.31"]
[SourceQuality "1"]

1. e4 e5 2. Nf3 Nc6 3. d4 exd4 4. Nxd4 Nf6 5. Nc3 Bb4 6. Nxc6 bxc6 7. Bd3 d5 8. exd5 cxd5 9. 0-0 0-0 10. Bg5 c6 11. Qf3 Be7 12. Rae1 Re8 13. h3 Be6 14. Ne2 Nd7 15. Bxe7 Qxe7 16. Nd4 Qb4 17. Nxe6 fxe6 18. Qh5 Nf6 19. Qe5 Qb8 20. b3 Re7 21. f3 Qxe5 22. Rxe5 g6 23. Rfe1 Kf7 24. Kf2 Nd7 25. R5e2 Kf6 26. f4 Rf8 27. Kg3 a5 28. c3 Rfe8 29. Rf1 1/2-1/2

[Event "FICGS class C 000082 email"]
[Site "FICGS email"]
[Date "2008.05.21"]
[Round "1"]
[White "Stockhammar, Par"]
[Black "Stibal, George"]
[Result "1-0"]
[WhiteElo "1600"]
[BlackElo "1866"]
[PlyCount "71"]
[EventDate "2008.??.??"]
[EventType "tourn (corr)"]
[EventRounds "4"]
[SourceTitle "Corr 2022"]
[Source "ChessBase"]
[SourceDate "2021.10.24"]
[SourceVersion "1"]
[SourceVersionDate "2021.10.24"]
[SourceQuality "1"]

1. Nf3 Nf6 2. c4 e6 3. g3 c5 4. Bg2 Nc6 5. 0-0 d5 6. cxd5 exd5 7. d4 Be6 8. Nc3 a6 9. Bg5 Be7 10. dxc5 0-0 11. Na4 d4 12. Bf4 Nd5 13. Bd6 Bxd6 14. cxd6 Qxd6 15. Nxd4 Rad8 16. Rc1 Qe5 17. Nxc6 bxc6 18. Rc5 Qb8 19. Qc1 Rfe8 20. Bf3 Nb4 21. a3 Na2 22. Qb1 Bb3 23. Nc3 Nxc3 24. Rxc3 Rd6 25. Rfc1 Bd5 26. b4 Bxf3 27. exf3 Qc8 28. Rd1 Red8 29. Rxd6 Rxd6 30. Kg2 g6 31. Qe4 Qa8 32. Qf4 Qd8 33. Rc5 h5 34. Qc4 Qb6 35. Qe2 Re6 36. Qd3 1-0